<?xml version="1.0" encoding="UTF-8"?><?xml-stylesheet type="text/xsl" href="static/style.xsl"?><OAI-PMH xmlns="http://www.openarchives.org/OAI/2.0/" xmlns:xsi="http://www.w3.org/2001/XMLSchema-instance" xsi:schemaLocation="http://www.openarchives.org/OAI/2.0/ http://www.openarchives.org/OAI/2.0/OAI-PMH.xsd"><responseDate>2026-04-26T21:57:17Z</responseDate><request verb="GetRecord" identifier="oai:uvadoc.uva.es:10324/76865" metadataPrefix="marc">https://uvadoc.uva.es/oai/request</request><GetRecord><record><header><identifier>oai:uvadoc.uva.es:10324/76865</identifier><datestamp>2025-09-17T09:18:51Z</datestamp><setSpec>com_10324_38</setSpec><setSpec>col_10324_852</setSpec></header><metadata><record xmlns="http://www.loc.gov/MARC21/slim" xmlns:doc="http://www.lyncode.com/xoai" xmlns:xsi="http://www.w3.org/2001/XMLSchema-instance" xmlns:dcterms="http://purl.org/dc/terms/" xsi:schemaLocation="http://www.loc.gov/MARC21/slim http://www.loc.gov/standards/marcxml/schema/MARC21slim.xsd">
<leader>00925njm 22002777a 4500</leader>
<datafield tag="042" ind1=" " ind2=" ">
<subfield code="a">dc</subfield>
</datafield>
<datafield tag="720" ind1=" " ind2=" ">
<subfield code="a">Caballero Sanz, Inés</subfield>
<subfield code="e">author</subfield>
</datafield>
<datafield tag="260" ind1=" " ind2=" ">
<subfield code="c">2025</subfield>
</datafield>
<datafield tag="520" ind1=" " ind2=" ">
<subfield code="a">El presente trabajo tiene como propósito principal analizar el impacto de la inteligencia artificial y la robótica en el mundo laboral dentro del contexto de la cuarta revolución industrial o Industria 4.0. Se busca ofrecer un enfoque multidisciplinario para comprender cómo estas tecnologías están transformando los procesos productivos, los modelos de negocio y el mercado de trabajo.&#xd;
La Industria 4.0 representa una nueva etapa en la evolución industrial, caracterizada por la integración de tecnologías avanzadas como la inteligencia artificial, la robótica, el internet de las cosas (IoT) y el análisis de datos, entre otras. Estas innovaciones están redefiniendo la forma en que las empresas operan y también el entorno laboral, generando diferentes oportunidades y desafíos. En este contexto, el trabajo propone ofrecer una visión integral de estos cambios, analizando su evolución histórica, sus fundamentos teóricos, sus impactos en el empleo y sus aplicaciones prácticas en diversos sectores.</subfield>
</datafield>
<datafield tag="024" ind2=" " ind1="8">
<subfield code="a">https://uvadoc.uva.es/handle/10324/76865</subfield>
</datafield>
<datafield tag="245" ind1="0" ind2="0">
<subfield code="a">Industria 4.0. Inteligencia artificial y robótica</subfield>
</datafield>
</record></metadata></record></GetRecord></OAI-PMH>